000 00643nam a2200181 i 4500
001 43520
003 ES-MaACL
005 20250804063402.0
007 t|
008 030318s1906 sp ||||1| spa d
100 1 _aHazañas y La Rúa, Joaquín,
_d1862-1934
_962227
245 1 4 _aLos rufianes de Cervantes
_b: "El rufián dichoso" y "El rufián viudo" /
_ccon un estudio preliminar y notas de Don Joaquín Hazañas y La Rua.
260 _aSevilla :
_bIzquierdo y Cª,
_c1906]
300 _a272 p. ;
_c22 cm.
700 1 _aCervantes Saavedra, Miguel de,
_d1547-1616
_9226514
852 _aES-MaACL
_jF-10654
999 _c43520
_d43520